000 00419nam a2200145 a 4500
005 20140412111415.0
008 070828s19uu xx 00 eng d
020 _a0-679-81316-0
050 _aER
_bTh36 1991
100 _aBell, Owain ill.
245 _aThomas and the hide and seek animals /
_cIllustrated by Owain Bell.
260 _aSingapore :
_bRandom House,
_c1991.
300 _a1 v. (unpaged)
999 _c105814
_d105814